Statistics for Countries With the Most Water

Click here to take the quiz!

General Stats

  • This quiz has been taken 50 times
  • The average score is 7 of 9

Answer Stats

HintAnswer% Correct
2,902Canada
98%
4,508Russia
98%
2,069United States
98%
8,233Brazil
95%
1,911India
91%
2,840China
88%
2,019Indonesia
77%
2,132Colombia
56%
1,913Peru
49%

Score Distribution

Percentile by Number Answered

Percent of People with Each Score

Your Score History

You have not taken this quiz